| 000 | 00586nam a2200241 a 4500 | ||
|---|---|---|---|
| 999 |
_c5515 _d5515 |
||
| 001 | 5515 | ||
| 003 | BD-JhCC | ||
| 005 | 20171217184633.0 | ||
| 008 | 171217s19461955e |||| || | 000 0 eng d | ||
| 035 | _a(BD-JhCC)5515 | ||
| 040 |
_aBD-JhCC _dBD-JhCC |
||
| 041 | _aeng | ||
| 082 |
_a420 _bBRA1955 |
||
| 100 | _aBradbury, H.D. | ||
| 245 |
_aStandard English / _c H.D. Bradbury, |
||
| 250 | _a2nd ed. | ||
| 260 |
_aLondon : _bUniversity of Londonpress Ltd, _c1955. |
||
| 300 |
_a158p.: _c19 cm. |
||
| 490 | _a2nd. | ||
| 650 | _aEnglish languge | ||
| 942 |
_2ddc _cBK |
||